000 00394nam a22001337a 4500
082 _a631.47
_bBRI
_cL-15, P-16
100 _aBrink, A.B.A
_944502
245 _aSoil survey for engineering /
_cA.B.A, Brink
260 _aUSA :
_bBritish Library Cataloguing in Publishing Data,
_c1982.
300 _a378 p. :
526 _a0
_b0
_c0
_d631_470000000000000_BRI
650 _aMCE
_9379
942 _2ddc
_cBK
999 _c548275
_d548275